Poesía original completa
Guardat en:
| Autors principals: | , |
|---|---|
| Format: | Llibre |
| Idioma: | espanyol |
| Publicat: |
Barcelona
Planeta
1981
|
| Col·lecció: | Clásicos universales Planeta
|
| Matèries: | |
| Etiquetes: |
Afegir etiqueta
Sense etiquetes, Sigues el primer a etiquetar aquest registre!
|
MARC
| LEADER | 00000nam a2200000 a 4500 | ||
|---|---|---|---|
| 001 | UCQ2033 | ||
| 003 | CL-VaPUC | ||
| 005 | 20250321145153.0 | ||
| 008 | 980721e19810000SP |||||||||||||||||spa|d | ||
| 999 | |c 272875 |d 272873 | ||
| 040 | |c Pontificia Universidad Católica de Valparaíso | ||
| 082 | 0 | 4 | |a 861.09 |b QUE |2 21 |
| 100 | 0 | |a Quevedo, Francisco de |e author |9 254892 | |
| 245 | 1 | 0 | |a Poesía original completa |
| 260 | |a Barcelona |b Planeta |c 1981 | ||
| 300 | |a 1393 p | ||
| 490 | 0 | |a Clásicos universales Planeta | |
| 583 | |a last modification |c 19980721 00:00:00 |k Rodrigo Vera | ||
| 650 | 0 | |a Poesías españolas |9 265100 | |
| 650 | 0 | |a Historia y crítica |9 257407 | |
| 650 | 0 | |a Crítica e interpretación |9 255042 | |
| 700 | 0 | |a Blecua, José Manuel |e author |9 415900 | |
| 942 | |c BK |2 ddc | ||
| 945 | |d 19980721 00:00:00 |a lriquelm | ||
| 952 | |0 0 |1 0 |4 0 |6 861_090000000000000_QUE_1981 |7 0 |8 A |9 308080 |a BIBEDU |b BIBEDU |d 2019-11-20 |i 1440993 |l 2 |o 861.09 QUE 1981 |p 1440993 |r 2024-09-10 |s 2024-09-10 |w 2019-11-20 |y BK |k LIT | ||